Minor League Baseball Teams - AL - Statistics

General Stats
  • This quiz has been taken 180 times
  • The average score is 20 of 60
Answer Stats
Hint Answer % Correct
Orioles, Triple-A Norfolk Tides
67%
Red Sox, Triple-A Worcester Red Sox
67%
Mariners, Double-A Arkansas Travelers
50%
Orioles, Double-A Bowie Baysox
50%
Blue Jays, Triple-A Buffalo Bisons
50%
White Sox, Triple-A Charlotte Knights
50%
Guardians, Triple-A Columbus Clippers
50%
Blue Jays, Single-A Dunedin Blue Jays
50%
Rays, Triple-A Durham Bulls
50%
Red Sox, High-A Greenville Drive
50%
Tigers, Single-A Lakeland Flying Tigers
50%
Rays, Double-A Montgomery Biscuits
50%
Blue Jays, Double-A New Hampshire Fisher Cats
50%
Royals, Triple-A Omaha Storm Chasers
50%
Red Sox, Double-A Portland Sea Dogs
50%
Red Sox, Single-A Salem Red Sox
50%
Yankees, Triple-A Scranton/Wilkes-Barre Rail Riders
50%
Tigers, Triple-A Toledo Mud Hens
50%
Twins, Double-A Wichita Wind Surge
50%
Orioles, High-A Aberdeen Iron Birds
33%
Guardians, Double-A Akron Rubber Ducks
33%
Astros, High-A Asheville Tourists
33%
Twins, High-A Cedar Rapids Kernels
33%
Astros, Double-A Corpus Christi Hooks
33%
Orioles, Single-A Delmarva Shorebirds
33%
Tigers, Double-A Erie Sea Wolves
33%
Mariners, High-A Everett Aqua Sox
33%
Astros, Single-A Fayetteville Woodpeckers
33%
Twins, Single-A Fort Myers Mighty Muscles
33%
Rangers, Double-A Frisco Rough Riders
33%
Athletics, Triple-A Las Vegas Aviators
33%
Mariners, Single-A Modesto Nuts
33%
Royals, Double-A Northwest Arkansas Naturals
33%
Angels, Triple-A Salt Lake Bees
33%
Yankees, Double-A Somerset Patriots
33%
Twins, Triple-A St. Paul Saints
33%
Astros, Triple-A Sugar Land Space Cowboys
33%
Mariners, Triple-A Tacoma Rainiers
33%
Blue Jays, High-A Vancouver Canadians
33%
White Sox, High-A Winston-Salem Dash
33%
White Sox, Double-A Birmingham Barons
17%
Rays, High-A Bowling Green Hot Rods
17%
Rays, Single-A Charleston River Dogs
17%
Royals, Single-A Columbia Fireflies
17%
Rangers, Single-A Down East Wood Ducks
17%
Rangers, High-A Hickory Crawdads
17%
Yankees, High-A Hudson Valley Renegades
17%
Angels, Single-A Inland Empire 66rs
17%
White Sox, Single-A Kannapolis Cannon Ballers
17%
Guardians, High-A Lake County Captains
17%
Athletics, High-A Lansing Lugnuts
17%
Guardians, Single-A Lynchburg Hillcats
17%
Athletics, Double-A Midland Rock Hounds
17%
Royals, High-A Quad Cities River Bandits
17%
Angels, Double-A Rocket City Trash Pandas
17%
Rangers, Triple-A Rock Round Express
17%
Athletics, Single-A Stockton Ports
17%
Yankees, Single-A Tampa Tarpoons
17%
Angels, High-A Tri-City Dust Devils
17%
Tigers, High-A West Michigan Whitecaps
17%
No matching quizzes found
Score Distribution
Percent of People with Each Score
Percentile by Number Answered
Your Score History
You have not taken this quiz